000 04479cam a2200337 4500500
005 20260111075040.0
041 _afre
042 _adc
100 1 0 _aOllivon, Franck
_eauthor
700 1 0 _aBony, Lucie
_eauthor
700 1 0 _aBastard, Joséphine
_eauthor
245 0 0 _aLe bracelet anti-rapprochement français : fonctionnement et usages d’un anti-panoptique
260 _c2025.
500 _a52
520 _aCréé en 2019 à l’issue du Grenelle sur les violences conjugales, le bracelet anti-rapprochement (BAR) s’est progressivement répandu dans le paysage judiciaire et pénitentiaire français. Cette nouvelle forme de bracelet électronique instaure une surveillance dite « relationnelle » qui suppose la géolocalisation de l’auteur et de la victime de violences conjugales. L’article se propose d’interroger le fonctionnement de ce dispositif et l’efficacité de la surveillance qu’il est censé rendre possible. À partir d’une enquête empirique conduite dans sept juridictions françaises, nous concluons que le BAR produit une information pléthorique et imprécise qui suppose un intense travail d’interprétation et d’analyse de la part des acteurs judiciaires et parajudiciaires, ce qui nous conduit à le caractériser comme une forme d’anti-panoptique.
520 _aSince its implementation in 2019 following the Grenelle summit on domestic violence, the BAR (bracelet anti-rapprochement) has been increasingly used in the French judicial and prison system. This new form of electronic tag produces what we call a "relational" surveillance because it involves the geolocalization of the perpetrator and the victim of domestic violence. Our paper examines the operation of this device and the effectiveness of the surveillance it is supposed to enable. On the basis of an empirical study conducted in seven French jurisdictions, we conclude that the BAR produces a plethora of imprecise information that requires intense interpretation and analysis on the part of judicial and paralegal actors, leading us to characterize it as a form of anti-panoptic device.
520 _aDas 2019 nach dem Grenelle-Gipfel zu häuslicher Gewalt eingeführte NäherungsverbotArmband (bracelet anti-rapprochement – BAR) hat sich nach und nach in der französischen Justiz- und Strafvollzugslandschaft verbreitet. Diese neue Form der elektronischen Fessel führt eine sogenannte „beziehungsbezogene" Überwachung ein, die die Geolokalisierung des Täters und des Opfers häuslicher Gewalt voraussetzt. Der Artikel befasst sich mit der Funktionsweise dieses Geräts und der Wirksamkeit der Überwachung die es ermöglichen soll. Auf der Grundlage einer empirischen Untersuchung, die in sieben französischen Gerichtsbarkeiten durchgeführt wurde, kommen wir zu dem Schluss, dass das BAR eine Vielzahl sowie ungenaue Informationen liefert, die eine intensive Interpretation und Analyse seitens der Justiz- und justiznaher Akteure erfordern, was uns dazu veranlasst, es als eine Form des Anti-Panoptikums zu charakterisieren.
520 _aEn 2019, al finalizar la cumbre "Grenelle" sobre las violencias contra la pareja, se creól brazalete anti-acercamiento (BAR), que se ha extendido progresivamente en el ámbito judicial y penitenciario francés. Este nuevo tipo de brazalete electrónico instaura una vigilancia denominada "relacional" que implica la geolocalización tanto del autor como de la víctima de violencias contra la pareja. El artículo analiza el funcionamiento de este dispositivo y la eficacia de la vigilancia que supuestamente permite. A partir de una investigación empírica realizada en siete jurisdicciones francesas, concluimos que el BAR produce una información abundante pero imprecisa, que requiere un intenso trabajo de interpretación y análisis por parte de los actores judiciales y parajudiciales, lo que nos lleva a caracterizarlo como una forma de anti-panóptico.
690 _aBRACELET ANTI-RAPPROCHEMENT
690 _aFRANCE
690 _aPANOPTIQUE
690 _aSURVEILLANCE ÉLECTRONIQUE
690 _aVIOLENCES CONJUGALES
690 _aDOMESTIC VIOLENCE
690 _aELECTRONIC MONITORING
690 _aFRANCE
690 _aGPS ELECTRONIC TAG
690 _aPANOPTICON
786 0 _nDéviance et Société | 49 | 2 | 2025-12-16 | p. 149-181 | 0378-7931
856 4 1 _uhttps://shs.cairn.info/revue-deviance-et-societe-2025-2-page-149?lang=fr&redirect-ssocas=7080
999 _c1615662
_d1615662